Address to the Board of Governors (Record no. 33457)

MARC details
000 -LEADER
fixed length control field 00713nam a2200169 a 4500
008 - FIXED-LENGTH DATA ELEMENTS--GENERAL INFORMATION
fixed length control field 120416s1984 ||||||||||||||||| || u
050 ## - LIBRARY OF CONGRESS CALL NUMBER
Classification number IBRD(058)ABG/1984
100 ## - MAIN ENTRY--PERSONAL NAME
Personal name Clausen, A. W
245 10 - TITLE STATEMENT
Title Address to the Board of Governors
Statement of responsibility, etc. by A.W. Clausen, President, World Bank and International Finance Corporation, Washington, D.C. September 24, 1984
260 ## - PUBLICATION, DISTRIBUTION, ETC.
Place of publication, distribution, etc. Washington, D.C
Name of publisher, distributor, etc. World Bank
Date of publication, distribution, etc. 1984
300 ## - PHYSICAL DESCRIPTION
Extent 27p.
350 ## - PRICE (NR) (BK AM CF MU VM SE) [OBSOLETE]
Price 0.00
650 ## - SUBJECT ADDED ENTRY--TOPICAL TERM
Topical term or geographic name entry element WORLD BANK
650 ## - SUBJECT ADDED ENTRY--TOPICAL TERM
Topical term or geographic name entry element WORLD BANK--PRESIDENTS--ADDRESSES, ESSAYS, LECTURES
710 ## - ADDED ENTRY--CORPORATE NAME
Corporate name or jurisdiction name as entry element World Bank
995 ## - RECOMMENDATION 995 [LOCAL, UNIMARC FRANCE]
-- 0.00
-- CBU-MAIN LIBRARY (Kitwe)
-- 1
-- 0.00
-- 1
-- AVAILABLE
-- International Publications
Holdings
Withdrawn status Lost status Source of classification or shelving scheme Damaged status Not for loan Home library Current library Shelving location Date acquired Total Checkouts Full call number Barcode Date last seen Price effective from Koha item type
          CBU-MAIN LIBRARY, KITWE. CBU-MAIN LIBRARY, KITWE.   11/30/2022   IBRD(058)ABG/1984 55733 11/30/2022 11/30/2022 MONOGRAPH